| 000 | 00763nam a2200229 a 4500 | ||
|---|---|---|---|
| 001 | 52643 | ||
| 003 | BD-RjUL | ||
| 005 | 20211209075834.0 | ||
| 008 | 160924s1983 bg ||||| |||| 00| 0 ben d | ||
| 020 | _c: Tk. 12.00 | ||
| 035 | _a(BD-RjUL)52763 | ||
| 040 |
_aBD-RjUL _bben _cBD-RjUL |
||
| 041 | _aben | ||
| 082 |
_223 _a891.441 _bRAB 1983 |
||
| 100 | 1 |
_aরহমান, সায়ীদুর _9157417 |
|
| 245 | 1 | 0 |
_aবিজিত পরাজয় / _cসায়ীদুর রহমান |
| 260 |
_aচট্টগ্রাম : _bকবিতা পরিষদ, _c১৯৮৩ |
||
| 300 |
_a৪৪ পৃ. ; _c১১ সেমি. |
||
| 650 |
_aবাংলা কবিতা _9157418 |
||
| 650 |
_aBengali poetry _9157419 |
||
| 942 |
_2ddc _cBK |
||
| 999 |
_c52643 _d52643 |
||